| 000 | 00334nam a22001337a 4500 | ||
|---|---|---|---|
| 082 |
_a355.3 _bLIN |
||
| 245 | _aA&Q or military administration | ||
| 250 | _a2nd | ||
| 260 |
_aWellington _bGale & Polden _c1929 |
||
| 300 |
_a195. _billus _c19cm |
||
| 526 |
_a0 _b0 _c0 _d355_300000000000000_LIN |
||
| 650 |
_aMCE _9379 |
||
| 942 |
_2ddc _cBK |
||
| 999 |
_c552313 _d552313 |
||